Imran : The Auotobio। Imran Khan (Record no. 1233089)

MARC details
000 -LEADER
fixed length control field 00559nam a2200193Ia 4500
008 - FIXED-LENGTH DATA ELEMENTS--GENERAL INFORMATION
fixed length control field 151121s9999||||xx |||||||||||||| ||und||
082 ## - DEWEY DECIMAL CLASSIFICATION NUMBER
Classification number 920/KHA
082 ## - DEWEY DECIMAL CLASSIFICATION NUMBER
Item number HNW-46572
100 ## - MAIN ENTRY--PERSONAL NAME
Personal name "Khan Imran, Murphy Patrick"
245 ## - TITLE STATEMENT
Title Imran : The Auotobio। Imran Khan
260 ## - PUBLICATION, DISTRIBUTION, ETC. (IMPRINT)
Name of publisher, distributor, etc "Pelham Books Ltd।, London।"
260 ## - PUBLICATION, DISTRIBUTION, ETC. (IMPRINT)
Date of publication, distribution, etc --
300 ## - PHYSICAL DESCRIPTION
Extent 163
600 ## - SUBJECT ADDED ENTRY--PERSONAL NAME
Personal name "Khan Imran, Murphy Patrick"
630 ## - SUBJECT ADDED ENTRY--UNIFORM TITLE
Uniform title Imran : The Auotobio। Imran Khan
700 ## - ADDED ENTRY--PERSONAL NAME
Personal name "Khan Imran, Murphy Patrick"
730 ## - ADDED ENTRY--UNIFORM TITLE
Uniform title Imran : The Auotobio। Imran Khan
942 ## - ADDED ENTRY ELEMENTS (KOHA)
Koha item type Book
Holdings
Withdrawn status Lost status Damaged status Not for loan Home library Current library Date acquired Total Checkouts Full call number Barcode Date last seen Price effective from Koha item type
        Hirachand Nemchand Wachanalaya, Solapur Hirachand Nemchand Wachanalaya, Solapur 11/21/2015   HNW-46572 HNW-46572 11/21/2015 11/21/2015 Book